000 00294nam a22001217a 4500
008 190311b xxu||||| |||| 00| 0 eng d
041 _aeng
080 _a043.3
100 _a0
101 _aSHKI-MA
245 _aEfeketet e Cloud Computing ne aspektin e kostos
_cJashari,V.H
942 _2udc
_cBK
999 _c54685
_d54685